| 000 | 00347nam a2200145Ia 4500 | ||
|---|---|---|---|
| 008 | 180730s9999||||xx |||||||||||||| ||und|| | ||
| 020 | _aB81582701376A | ||
| 082 |
_a340 _bBAR/C |
||
| 100 | _aBare Acts | ||
| 245 | 0 | _aCourt Fees Act, 1870 with Case Law | |
| 250 | _a29th | ||
| 260 |
_aLucknow _bEastern Book Co. _c2016 |
||
| 300 | _a36 | ||
| 942 | _cBK | ||
| 999 |
_c1714 _d1714 |
||